Hard Geography - Statistics

General Stats
  • This quiz has been taken 95 times
  • The average score is 6 of 10
Answer Stats
Hint Answer % Correct
What is the capital of Latvia? Riga
95%
What group of islands were the inspiration for Darwin's theory of evolution? Galapagos
85%
What is the official language of São Tomé and Príncipe? Portuguese
82%
What is the fourth most populated city in spain? Seville
68%
What is the southernmost Australian city? Hobart
61%
What region of Moldova is not recognized by the UN as a country, despite having their own passport, currency and national anthem? Transnistria
54%
What river flows through the city of Varanasi? Ganges
52%
What is the largest Spanish enclave on the northern coast of Morocco Ceuta
48%
To the nearest 100Km, How long is the border between Mongolia and Kazakhstan 0
42%
What French region is the Château de Chambord in? Loire
15%
No matching quizzes found
Score Distribution
Percent of People with Each Score
Percentile by Number Answered
Your Score History
You have not taken this quiz